| 000 | 00962nam0a22003011 4500 | ||
|---|---|---|---|
| 001 | rc\4059700 | ||
| 005 | 20210923175159.0 | ||
| 021 |
_aRU _b[52-8578] |
||
| 035 | _a(NLR Aleph) 008111959 | ||
| 090 |
_a9309909 _c9309909 |
||
| 100 | _a20130415d1952 |||y0rusy50 ca | ||
| 101 | 0 | _arus | |
| 102 | _aRU | ||
| 105 | _aa z |||a| | ||
| 200 | 1 |
_aОт всего сердца _eРоман _f[Ил.: Г. Завьялова |
|
| 210 |
_aМосква] _cМол. гвардия _d1952 |
||
| 215 |
_a432 с., 12 л. ил. _d21 |
||
| 606 |
_aКоммунисты (х. л.) _2psbo |
||
| 606 |
_aКолхозы и колхозники (х. л.) _2psbo |
||
| 606 |
_aКомсомольцы (х. л.) _2psbo |
||
| 700 | 1 |
_aМальцев _bЕ. Ю. _f1917-2004 _gЕлизар Юрьевич |
|
| 702 | 1 |
_aЗавьялова _bГ. _4440 |
|
| 801 | 0 |
_aRU _bNLR _gpsbo |
|
| 801 | 1 |
_aRU _bELAR _2rusmarc |
|
| 852 |
_aNLR _jЛ30 Г-3/2779 |
||
| 942 | _cBOOK | ||
| 980 | _aNB | ||